Geology and coal resources of the southeastern Kansas coal field (Record no. 27495)
[ view plain ]
| 000 -LEADER | |
|---|---|
| fixed length control field | 01623cam a22003371 4500 |
| 001 - CONTROL NUMBER | |
| control field | gs 38000286 |
| 003 - CONTROL NUMBER IDENTIFIER | |
| control field | DLC |
| 005 - DATE AND TIME OF LATEST TRANSACTION | |
| control field | 20260227111343.0 |
| 008 - FIXED-LENGTH DATA ELEMENTS--GENERAL INFORMATION | |
| fixed length control field | 780502s1938 ksua 000 0 eng c |
| 010 ## - LIBRARY OF CONGRESS CONTROL NUMBER | |
| LC control number | gs 38000286 |
| 035 ## - SYSTEM CONTROL NUMBER | |
| System control number | (OCoLC)3854213 |
| 040 ## - CATALOGING SOURCE | |
| Original cataloging agency | U. S. Geological Survey. Library |
| Transcribing agency | TxEU |
| Modifying agency | DLC |
| 042 ## - AUTHENTICATION CODE | |
| Authentication code | premarc |
| 050 00 - LIBRARY OF CONGRESS CALL NUMBER | |
| Classification number | QE113 |
| Item number | .A2 no. 24 |
| 082 ## - DEWEY DECIMAL CLASSIFICATION NUMBER | |
| Classification number | (267)K4b no. 24 |
| 100 1# - MAIN ENTRY--PERSONAL NAME | |
| Personal name | Pierce, William Gamewell, |
| Dates associated with a name | 1904- |
| 245 10 - TITLE STATEMENT | |
| Title | Geology and coal resources of the southeastern Kansas coal field |
| Remainder of title | in Crawford, Cherokee and Labette counties, |
| Statement of responsibility, etc. | by W. G. Pierce and W. H. Courtier, with a report on Pennsylvanian invertebrate faunas of southeastern Kansas, by James Williams. |
| 260 ## - PUBLICATION, DISTRIBUTION, ETC. | |
| Place of publication, distribution, etc. | Lawrence, Kansas, |
| Name of publisher, distributor, etc. | State geological survey, |
| Date of publication, distribution, etc. | 1938. |
| 300 ## - PHYSICAL DESCRIPTION | |
| Extent | 122 p. |
| Other physical details | incl. illus., tables, diagrs, 3 fold. maps (2 in pocket) fold tab., 3 fold diagrs., |
| Dimensions | 23 cm. |
| 490 0# - SERIES STATEMENT | |
| Series statement | Kansas. University. Geological survey. Bulletin 24 |
| 500 ## - GENERAL NOTE | |
| General note | At head of title: State geological survey of Kansas. |
| 500 ## - GENERAL NOTE | |
| General note | Investigation conducted by the United States Geological survey with funds provided for this purpose by the Public works administration. |
| 500 ## - GENERAL NOTE | |
| General note | Printed by authority of the state of Kansas, July 15, 1937 (Issued September 1, 1938) |
| 504 ## - BIBLIOGRAPHY, ETC. NOTE | |
| Bibliography, etc. note | Bibliographical foot-notes. |
| 650 #0 - SUBJECT ADDED ENTRY--TOPICAL TERM | |
| Topical term or geographic name entry element | Geology |
| Geographic subdivision | Kansas. |
| 650 #0 - SUBJECT ADDED ENTRY--TOPICAL TERM | |
| Topical term or geographic name entry element | Coal mines and mining |
| Geographic subdivision | Kansas. |
| 650 #0 - SUBJECT ADDED ENTRY--TOPICAL TERM | |
| Topical term or geographic name entry element | Paleontology |
| Geographic subdivision | Kansas. |
| 700 1# - ADDED ENTRY--PERSONAL NAME | |
| Personal name | Courtier, William Henry, |
| Dates associated with a name | 1905- , |
| Relator term | joint author. |
| 700 1# - ADDED ENTRY--PERSONAL NAME | |
| Personal name | Williams, James Steele, |
| Dates associated with a name | 1896- . |
| 740 02 - ADDED ENTRY--UNCONTROLLED RELATED/ANALYTICAL TITLE | |
| Uncontrolled related/analytical title | Pennsylvanian invertebrate faunas of southeastern Kansas. |
No items available.